Loading...
| Literature - European | 0 | 8 | 0 | 2 | 80 | 88 | 107.38 | 0 | 2 | 17.87 | 47.33 |
| Fine Arts - Other | 0 | 7 | 0 | 0 | 70 | 50 | 75.29 | 1 | 6 | 29.85 | 57.33 |
| Fine Arts - Painting and Sculpture | 0 | 7 | 1 | 0 | 65 | 81 | 94.43 | 0 | 1 | 17.89 | 28.11 |
| Fine Arts - Classical Music | 0 | 6 | 0 | 0 | 60 | 64 | 89.33 | 0 | 4 | 17.19 | 45.33 |
| Literature - British | 0 | 4 | 0 | 1 | 40 | 49 | 92.50 | 0 | 1 | 13.69 | 20.22 |
| Science - Other | 0 | 3 | 1 | 1 | 25 | 71 | 91.33 | 1 | 2 | 8.01 | 17.50 |
| Literature - World | 0 | 3 | 1 | 0 | 25 | 46 | 86.67 | 0 | 1 | 10.81 | 20.33 |
| Science - Biology | 0 | 2 | 0 | 1 | 20 | 53 | 80.00 | 0 | 1 | 5.09 | 9.67 |
| Literature - American | 0 | 3 | 2 | 1 | 20 | 43 | 81.67 | 1 | 1 | 12.74 | 23.33 |
| History - European | 0 | 1 | 0 | 0 | 10 | 73 | 73.00 | 0 | 1 | 3.60 | 4.17 |
| Science - Physics | 0 | 1 | 0 | 0 | 10 | 73 | 73.00 | 0 | 1 | 3.71 | 8.33 |
| Social Science | 0 | 1 | 0 | 0 | 10 | 106 | 106.00 | 0 | 0 | 1.24 | 2.22 |
| History - American | 0 | 1 | 1 | 1 | 5 | 130 | 130.00 | 0 | 0 | 0.08 | 1.00 |
| Religion | 0 | 0 | 0 | 0 | 0 | 0.00 | 0 | 0 | 0.00 | 0.00 | |
| History - Other | 0 | 0 | 2 | 0 | -10 | 0.00 | 0 | 0 | 0.00 | 0.00 |